000 00854nam a2200241 a 4500
001 44394
003 BD-RjUL
005 20211209053840.0
008 160717r19821975bg a|||| ||| 000 0 ben d
020 _c: Tk 50.00
035 _a(BD-RjUL)44512
040 _aBD-RjUL
_bben
_cBD-RjUL
041 _aben
082 _223
_a530
_bCHB 1982
100 1 0 _aচৌধুরী, আরিফ
_9136271
245 1 0 _aব্যবহারিক পদার্থবিজ্ঞান /
_cআরিফ চৌধুরী
250 _a২ য় সংস্করণ
260 _aঢাকা :
_bমুহাম্মদ বাদার্স ;
_c১৯৮২
300 _a৫৪০ পৃ. :
_bচিত্রাবলী.
_c২১ সেমি.
650 _aপদার্থ বিজ্ঞান
_9123216
650 _aPhysics
_9136272
942 _2ddc
_cBK
999 _c44394
_d44394